| 000 | 00458nam a22001457a 4500 | ||
|---|---|---|---|
| 999 |
_c14933 _d14933 |
||
| 003 | OSt | ||
| 082 | _2631.3 DAY/IN | ||
| 088 | _aT 361 | ||
| 100 |
_aDAYANAND KUMBAR _92194 |
||
| 245 | _aInvestigations on energy conversion of waste coconut water through an up-flow anaerobic hybrid bioreactor | ||
| 260 |
_aTavanur 2016 _bKelappaji College of Agricultural Engineeing and Technology |
||
| 300 | _a87 | ||
| 700 |
_aDr. Shaji James P (Guide) _92143 |
||
| 942 | _cTH | ||